80386 technical reference

Đã lưu trong:
Bibliografiske detaljer
Hovedforfatter: Edmund Strauss
Format: Bog
Sprog:Undetermined
Udgivet: New York Brady Book 1987
Fag:
Tags: Tilføj Tag
Ingen Tags, Vær først til at tagge denne postø!
Thư viện lưu trữ: Trung tâm Học liệu Trường Đại học Cần Thơ
LEADER 00488nam a2200181Ia 4500
001 CTU_20650
008 210402s9999 xx 000 0 und d
082 |a 001.6 
082 |b S912 
100 |a Edmund Strauss 
245 0 |a 80386 technical reference 
245 0 |c Edmund Strauss 
260 |a New York 
260 |b Brady Book 
260 |c 1987 
650 |a methodology,reference service,research 
904 |i Minh, 971225 
980 |a Trung tâm Học liệu Trường Đại học Cần Thơ